000
00235nam a2200097Ia 4500
001
977478
005
20250826220727.0
008
250824s9999 xx 000 0 und d
245
0
_a
OLASILIKSIZ
_c
ADAM FAWER
260
_b
A.P.R.I.L YAYINCILIK
999
_c
977478
_d
977478